Introduction to the principles of agricultural economics (Record no. 20251)

MARC details
000 -LEADER
fixed length control field 00335nam a2200121Ia 4500
082 ## - DEWEY DECIMAL CLASSIFICATION NUMBER
Classification number 338.43.01
Item number TUC
100 ## - MAIN ENTRY--AUTHOR NAME
Personal name TUCK, R H
245 #0 - TITLE STATEMENT
Title Introduction to the principles of agricultural economics
260 ## - PUBLICATION, DISTRIBUTION, ETC. (IMPRINT)
Place of publication London
Name of publisher Longmans
Year of publication 1961
650 ## - SUBJECT ADDED ENTRY--TOPICAL TERM
Topical Term Agricultural economics
942 ## - ADDED ENTRY ELEMENTS (KOHA)
Koha item type Books
Holdings
Withdrawn status Lost status Damaged status Not for loan Home library Current library Date acquired Full call number Accession Number Koha item type
        RRII Library RRII Library 16/12/2021 338.43.01 TUC 00980 Books